Business law (Record no. 142812)

MARC details
000 -LEADER
fixed length control field 00491nam a2200205Ia 4500
003 - CONTROL NUMBER IDENTIFIER
control field OSt
005 - DATE AND TIME OF LATEST TRANSACTION
control field 20250930152535.0
008 - FIXED-LENGTH DATA ELEMENTS--GENERAL INFORMATION
fixed length control field 210210b2010 xxu||||| |||| 00| 0 eng d
020 ## - INTERNATIONAL STANDARD BOOK NUMBER
International Standard Book Number 9788191090734
040 ## - CATALOGING SOURCE
Transcribing agency AL
041 ## - LANGUAGE CODE
Language code of text/sound track or separate title eng
082 ## - DEWEY DECIMAL CLASSIFICATION NUMBER
Classification number 346.065 RAMB
100 ## - MAIN ENTRY--PERSONAL NAME
Personal name B S Raman
9 (RLIN) 241083
245 ## - TITLE STATEMENT
Title Business law
Remainder of title : for MBA students
260 ## - PUBLICATION, DISTRIBUTION, ETC.
Place of publication, distribution, etc. Mangalore
Name of publisher, distributor, etc. United Publishers
Date of publication, distribution, etc. 2010
300 ## - PHYSICAL DESCRIPTION
Extent 628p
690 ## - LOCAL SUBJECT ADDED ENTRY--TOPICAL TERM (OCLC, RLIN)
Topical term or geographic name as entry element Business Law
9 (RLIN) 241089
906 ## - LOCAL DATA ELEMENT F, LDF (RLIN)
a 065465
942 ## - ADDED ENTRY ELEMENTS (KOHA)
Source of classification or shelving scheme Dewey Decimal Classification
Koha item type Book
Holdings
Withdrawn status Lost status Source of classification or shelving scheme Damaged status Not for loan Collection code Home library Current library Date acquired Source of acquisition Cost, normal purchase price Total Checkouts Full call number Barcode Date last seen Date last checked out Price effective from Koha item type
    Dewey Decimal Classification     Commerce St Aloysius Library St Aloysius Library 02/17/2021 Biblios Book Point, Surathkal-575014 200.00 2 346.065 RAMB 065465 09/21/2023 09/07/2023 02/17/2021 Book